| 000 | 00353nam a2200109Ia 4500 | ||
|---|---|---|---|
| 008 | 171204s9999 xx 000 0 und d | ||
| 245 | _aInformation Security: The Complete Reference: | ||
| 245 | _cMark Rhodes-Ousley | ||
| 260 | _c2013 | ||
| 650 | _xFUNDAMENTALS OF INFORMATION SECURITY | ||
| 856 | _uhttp://down.ebook777.com/003/Information%20Security.pdf | ||
| 999 |
_c347157 _d347157 |
||